00592nam a22001817a 450000500170000000800410001702000220005804000110008008200230009110000180011424500720013226000400020430000410024450000510028565000280033665000300036465000160039420251027105608.0230703b ||||| |||| 00| 0 eng d a978-1-64728-412-1 cNMSCST a370.15 bM298 2022 aMara, Stella  aUnderstanding development and educational psychology /cStella Mara aNew York :bWillford Press,cc2022. avii, 234pages :bcolor illustrations aIncludes bibliographical references and index. aEducational psychology. aDevelopmental psychology. aPsychology.